| 000 | 00506nam a2200193Ia 4500 | ||
|---|---|---|---|
| 005 | 20250508152558.0 | ||
| 008 | 008 250505s9999 xx 000 0 eng d | ||
| 037 | _aTextual | ||
| 040 |
_aFEDL _beng _cFEDL |
||
| 041 |
_aeng _2eng |
||
| 084 |
_a370, MAN _qFEDL |
||
| 100 | _aManning John | ||
| 245 | 0 | _aDickens on education | |
| 260 |
_aLondon, UK _bOxford University Press _c1959 |
||
| 300 | _ax,251p. | ||
| 650 | _aEducation | ||
| 942 |
_cTEXL _h370, MAN |
||
| 999 |
_c1337378 _d1337378 |
||